000
00284nam a22001337a 4500
008
170908b xxu||||| |||| 00| 0 eng d
020
_a
9780813625553
041
_a
eng
080
_a
91
100
_a
42
101
_a
GJEO
245
_a
SAVING OUR EARTH
_c
WALKER,C
942
_2
udc
_c
BK
999
_c
26794
_d
26794